BIBLIOTECA

SENCICO

Arquitectura de calidad : (Registro nro. 3739)

Detalles MARC
000 -LEADER
fixed length control field 00747nam a22002417a 4500
003 - CONTROL NUMBER IDENTIFIER
control field PE SENCICO BE
005 - DATE AND TIME OF LATEST TRANSACTION
control field 20251020182623.0
008 - FIXED-LENGTH DATA ELEMENTS--GENERAL INFORMATION
fixed length control field 230104b |||||||| |||| 00| 0 eng d
020 ## - INTERNATIONAL STANDARD BOOK NUMBER
International Standard Book Number 978-607-17-2468-7
040 ## - CATALOGING SOURCE
Original cataloging agency PE SENCICO BE
Transcribing agency PE SENCICO BE
041 ## - LANGUAGE CODE
Language code of text/sound track or separate title spa
082 ## - DEWEY DECIMAL CLASSIFICATION NUMBER
Classification number 720
Item number V39
100 1# - MAIN ENTRY--PERSONAL NAME
9 (RLIN) 385
Personal name Vélez Gonzáles, Roberto
245 1# - TITLE STATEMENT
Title Arquitectura de calidad :
Remainder of title condiciones mínimas /
Statement of responsibility, etc. Roberto Vélez Gonzáles
250 ## - EDITION STATEMENT
Edition statement [1a ed.]
260 ## - PUBLICATION, DISTRIBUTION, ETC.
Place of publication, distribution, etc. México, D.F.:
Name of publisher, distributor, etc. Trillas,
Date of publication, distribution, etc. 2015
300 ## - PHYSICAL DESCRIPTION
Extent 110 p. :
Other physical details il.,
Dimensions 27 cm.
650 14 - SUBJECT ADDED ENTRY--TOPICAL TERM
9 (RLIN) 49
Topical term or geographic name entry element Arquitectura
650 24 - SUBJECT ADDED ENTRY--TOPICAL TERM
9 (RLIN) 49
Topical term or geographic name entry element Arquitectura
General subdivision Historia
650 24 - SUBJECT ADDED ENTRY--TOPICAL TERM
9 (RLIN) 366
Topical term or geographic name entry element Crítica arquitectónica
910 ## - USER-OPTION DATA (OCLC)
-- hfp
-- hfp
942 ## - ADDED ENTRY ELEMENTS (KOHA)
Source of classification or shelving scheme Dewey Decimal Classification
Koha item type Libros
Classification part 720
Item part V39
Existencias
Fecha de la última vez que lo usaron Número de ingreso o de inventario Pago total Signatura topográfica completa Precio efectivo desde Tipo de documento Estado perdido Sistema de clasificación Estado dañado No es para préstamo Retirado Ubicación permanente Ubicación actual Fecha de adquisición
04/01/2023 16344   720/V39 04/01/2023 Libros   Dewey Decimal Classification       Biblioteca Central Lima Biblioteca Central Lima 04/01/2023